000 00688nam a2200169Ia 4500
008 090711s9999 xx 000 0 und d
082 _b44305
100 _aपवार बा. ग.
245 _aपहिली भारतीय शिक्षिका सावित्रीबाई फुले
260 _c1982
300 _a74
600 _aपवार बा. ग.
630 _aपहिली भारतीय शिक्षिका सावित्रीबाई फुले
700 _aपवार बा. ग.
730 _aपहिली भारतीय शिक्षिका सावित्रीबाई फुले
942 _cBOOK
999 _c318740
_d318740